000 00485nam a2200181Ia 4500
001 8484
005 20260306160612.0
008 260306t2013||||xx |||||||||||||| ||spa||
041 _aESP
082 _a371.1
_bM27A
100 _aPitluk, Laura
_eAUT
245 0 _aLa modalidad de taller en el nivel inicial:
_brecorrido y posibilidades para la educación actual
260 _c2013
300 _a327 páginas :
_c21 cm.
650 _aGEN
654 _aCED
942 _cLIB
_dJUS
_fJUS
_2ddc
_n
999 _c8484
_d8484